000
00319 a2200157 4500
001
57993
020
_a
040
_c
Anchieta - Pituba
100
_a
Lagerlof, Selma
240
1
0
_a
De saga em saga
_l
por
245
1
0
_a
De saga em saga
300
_a
252
362
0
_a
1971
650
4
_a
Literatura sueca
942
_c
BK
999
_c
57993
_d
57993